Smash Ultimate Stages From The 90’s - Statistics

General Stats
  • This quiz has been taken 15 times
    7 since last reset
  • The average score is 28 of 36
Answer Stats
Release Year Origin Game 90’s Stage % Correct
1990 F-Zero Big Blue
100%
1990 F-Zero Mute City SNES
100%
1994 EarthBound Onett
100%
1996 Super Mario 64 Princess Peach’s Castle
100%
1997 Yoshi’s Story Super Happy Tree
100%
1990 Fire Emblem: Shadow Dragon And The Blade Of Light Castle Siege
83%
1993 Star Fox Corneria
83%
1992 Kirby’s Dream Land Dream Land
83%
1992 Kirby’s Dream Land Dream Land GB
83%
1994 EarthBound Fourside
83%
1992 Kirby’s Dream Land Green Greens
83%
1994 The King Of Fighters 94’ King Of Fighters Stadium
83%
1994 Donkey Kong Country Kongo Jungle
83%
1990 Pilotwings Pilotwings
83%
1996 Pokémon Red Version/Pokémon Blue Version Pokémon Stadium
83%
1996 Pokémon Red Version/Pokémon Blue Version Pokémon Stadium 2
83%
1996 Pokémon Red Version/Pokémon Blue Version Saffron City
83%
1998 Banjo-Kazooie Spiral Mountain
83%
1993 Star Fox Venom
83%
1995 Super Mario World 2: Yoshi’s Island Yoshi’s Island
83%
1990 Super Mario World Yoshi’s Island (Melee)
83%
1997 Yoshi’s Story Yoshi’s Story
83%
1990 Fire Emblem: Shadow Dragon And The Blade Of Light Coliseum
67%
1998 The Legend Of Zelda: Ocarina Of Time Gerudo Valley
67%
1991 Sonic The Hedgehog Green Hill Zone
67%
1996 Kirby Super Star Halberd
67%
1999 Donkey Kong 64 Jungle Japes
67%
1993 Star Fox Lylat Cruise
67%
1994 EarthBound Magicant
67%
1996 Super Mario 64 Rainbow Cruise
67%
1992 Super Mario Kart Figure-8 Circuit
50%
1993 Kirby’s Adventure Fountain Of Dreams
50%
1997 Final Fantasy VII Midgar
50%
1997 Final Fantasy VII Northern Cave
50%
1991 Street Fighter II Suzaku Castle
50%
1996 Kirby Super Star The Great Cave Offensive
50%
No matching quizzes found
Score Distribution
Percent of People with Each Score
Percentile by Number Answered
Your Score History
You have not taken this quiz since the last reset